[Event "IECC CL3-2004.22 email"]
[Site "IECC email"]
[Date "2004.10.25"]
[Round "?"]
[White "De Leeuw, Dirk"]
[Black "Bauld, Robin W"]
[Result "1-0"]
[WhiteElo "2025"]
[BlackElo "1878"]
[PlyCount "59"]
[EventDate "2004.??.??"]
[EventType "tourn (corr)"]
[EventRounds "4"]
[SourceTitle "Corr 2008"]
[Source "ChessBase"]
[SourceDate "2008.06.24"]
[SourceVersion "1"]
[SourceVersionDate "2008.06.24"]
[SourceQuality "1"]

1. d4 Nf6 2. c4 c5 3. d5 b5 4. cxb5 a6 5. bxa6 Bxa6 6. Nc3 d6 7. e4 Bxf1 8. Kxf1 g6 9. Nf3 Bg7 10. g3 0-0 11. Kg2 Nbd7 12. h3 Ra7 13. Re1 Qa8 14. Bg5 Rb8 15. Qd2 Rb4 16. Rab1 Nb6 17. a3 Nc4 18. Qe2 Nxa3 19. bxa3 Rxb1 20. Nxb1 Ra4 21. Qc2 h6 22. Bc1 Nd7 23. Bb2 Bxb2 24. Qxb2 Qa6 25. e5 dxe5 26. Nxe5 Qd6 27. Qb3 Nb6 28. Nc3 c4 29. Qb1 Rxa3 30. Nxf7 1-0

[Event "IECC CL2-2004.22 email"]
[Site "IECC email"]
[Date "2004.07.17"]
[Round "?"]
[White "De Leeuw, Dirk"]
[Black "Cade, Stephen"]
[Result "1-0"]
[WhiteElo "1956"]
[BlackElo "2057"]
[PlyCount "63"]
[EventDate "2004.??.??"]
[EventType "tourn (corr)"]
[EventRounds "4"]
[SourceTitle "Corr 2008"]
[Source "ChessBase"]
[SourceDate "2008.06.24"]
[SourceVersion "1"]
[SourceVersionDate "2008.06.24"]
[SourceQuality "1"]

1. d4 Nc6 2. c4 e5 3. d5 Nce7 4. Nf3 Ng6 5. Nc3 Nf6 6. h4 h5 7. Bg5 Be7 8. e3 d6 9. Bd3 Nf8 10. Qc2 Ng4 11. Bxe7 Qxe7 12. 0-0 Nd7 13. Ng5 Nc5 14. b4 Nxd3 15. Qxd3 a6 16. a4 a5 17. c5 dxc5 18. bxc5 Qxc5 19. Rfc1 Qe7 20. Nb5 e4 21. Qxe4 Qxe4 22. Nxe4 0-0 23. Rxc7 b6 24. Nbd6 Ba6 25. Ng5 Nf6 26. Rd1 Ne8 27. Nxe8 Raxe8 28. d6 Be2 29. Rd5 Rd8 30. f3 Rb8 31. d7 Rfd8 32. Rf5 1-0

[Event "IECC CL2-2003.30 email"]
[Site "IECC email"]
[Date "2003.11.07"]
[Round "?"]
[White "De Leeuw, Dirk"]
[Black "Borst, John C"]
[Result "1/2-1/2"]
[WhiteElo "2028"]
[BlackElo "2146"]
[PlyCount "51"]
[EventDate "2003.??.??"]
[EventType "tourn (corr)"]
[EventRounds "4"]
[SourceTitle "Corr 2008"]
[Source "ChessBase"]
[SourceDate "2008.06.24"]
[SourceVersion "1"]
[SourceVersionDate "2008.06.24"]
[SourceQuality "1"]

1. d4 Nf6 2. c4 e6 3. Nf3 d5 4. g3 Be7 5. Bg2 0-0 6. 0-0 dxc4 7. Qc2 a6 8. a4 Bd7 9. Qxc4 Bc6 10. Bg5 Bd5 11. Qd3 c5 12. Nc3 Bc6 13. Rfd1 cxd4 14. Nxd4 Bxg2 15. Kxg2 Nbd7 16. Qf3 Qa5 17. Bxf6 Bxf6 18. Nxe6 fxe6 19. Rxd7 Bd4 20. Qg4 Rxf2+ 21. Kh3 Bxc3 22. bxc3 Qe5 23. Rb1 Qf6 24. Rbxb7 Rxh2+ 25. Kxh2 Qf2+ 26. Kh3 1/2-1/2

[Event "IECC Y2KO email"]
[Site "IECC email"]
[Date "2001.09.24"]
[Round "?"]
[White "De Leeuw, Dirk"]
[Black "Gawehns, Klaus"]
[Result "1/2-1/2"]
[WhiteElo "1990"]
[BlackElo "2460"]
[PlyCount "75"]
[EventDate "2001.??.??"]
[EventType "tourn (corr)"]
[EventRounds "6"]
[SourceTitle "Corr 2008"]
[Source "ChessBase"]
[SourceDate "2008.06.24"]
[SourceVersion "1"]
[SourceVersionDate "2008.06.24"]
[SourceQuality "1"]

1. d4 e6 2. e4 d5 3. Nd2 Be7 4. Ngf3 Nf6 5. Bd3 c5 6. e5 Nfd7 7. c3 Nc6 8. 0-0 a5 9. Qe2 a4 10. Nb1 c4 11. Bc2 b5 12. a3 Nf8 13. Bf4 Kd7 14. Nbd2 Kc7 15. Qe3 h6 16. Bg3 g5 17. h3 h5 18. Ne1 Kb6 19. Qe2 Ra7 20. f4 g4 21. hxg4 hxg4 22. Qxg4 f5 23. exf6 Bxf6 24. Qe2 Rg7 25. Bh2 Rhg8 26. Ndf3 Bd7 27. Ne5 Nxe5 28. fxe5 Bh4 29. Rf4 Be8 30. Nf3 Bh5 31. Qd2 Bxf3 32. Rxf3 Rxg2+ 33. Qxg2 Rxg2+ 34. Kxg2 Qg5+ 35. Kh3 Qd2 36. Rxf8 Qxc2 37. Raf1 Qxb2 38. Kxh4 1/2-1/2

[Event "IECC Swiss email"]
[Site "IECC email"]
[Date "2000.12.13"]
[Round "?"]
[White "De Leeuw, Dirk"]
[Black "Hakuc, Waclaw"]
[Result "1-0"]
[WhiteElo "1918"]
[BlackElo "1748"]
[PlyCount "75"]
[EventDate "2000.??.??"]
[EventType "tourn (corr)"]
[EventRounds "6"]
[SourceTitle "Corr 2008"]
[Source "ChessBase"]
[SourceDate "2008.06.24"]
[SourceVersion "1"]
[SourceVersionDate "2008.06.24"]
[SourceQuality "1"]

1. d4 d5 2. Bg5 c6 3. Nf3 Qb6 4. b3 Nf6 5. e3 Ne4 6. Bh4 Bg4 7. Be2 Qa5+ 8. Nfd2 Bxe2 9. Qxe2 Nc3 10. Nxc3 Qxc3 11. 0-0 Qxc2 12. Rfc1 Qg6 13. e4 dxe4 14. Nxe4 Nd7 15. d5 cxd5 16. Nc3 Qe6 17. Qd2 Kd8 18. Nxd5 Qd6 19. Rc2 f6 20. Rd1 Rc8 21. Qa5+ b6 22. Rxc8+ Kxc8 23. Qxa7 Kd8 24. Qa8+ Qb8 25. Qa4 Qd6 26. b4 Ke8 27. Bg3 e5 28. Bh4 h6 29. Nxf6+ gxf6 30. Rxd6 Bxd6 31. Bxf6 Rf8 32. Qa8+ Nb8 33. Bg7 Rf4 34. a3 Rd4 35. Qa4+ Nd7 36. Bxh6 b5 37. Qa8+ Bb8 38. g3 1-0

[Event "IECC CL2-2000.26"]
[Site "IECC email"]
[Date "2000.07.12"]
[Round "?"]
[White "Burlant, Richard"]
[Black "De Leeuw, Dirk"]
[Result "1-0"]
[WhiteElo "2046"]
[BlackElo "1932"]
[PlyCount "85"]
[EventDate "2000.??.??"]
[EventType "tourn (corr)"]
[EventRounds "4"]
[SourceTitle "Corr 2008"]
[Source "ChessBase"]
[SourceDate "2008.06.24"]
[SourceVersion "1"]
[SourceVersionDate "2008.06.24"]
[SourceQuality "1"]

1. d4 Nf6 2. Bf4 e6 3. Nf3 b6 4. e3 Bb7 5. Nbd2 Be7 6. c3 0-0 7. Bd3 c5 8. 0-0 d6 9. Qc2 h6 10. Rad1 Nc6 11. dxc5 bxc5 12. e4 Nh5 13. Be3 Nf6 14. h3 Qc7 15. Bf4 Nh5 16. Bh2 Rad8 17. Be2 Na5 18. e5 g6 19. g4 Ng7 20. exd6 Bxd6 21. Bxd6 Rxd6 22. Ne4 Bxe4 23. Qxe4 Qb7 24. Qxb7 Nxb7 25. Rxd6 Nxd6 26. Rd1 Rd8 27. Ne5 Nge8 28. Bb5 Nf6 29. a4 Nd5 30. Nc6 Ra8 31. c4 Nxb5 32. cxd5 Nd4 33. Rxd4 cxd4 34. d6 e5 35. d7 Kg7 36. d8Q Rxd8 37. Nxd8 d3 38. Kf1 f5 39. gxf5 gxf5 40. Nc6 Kf6 41. Nxa7 Ke6 42. Nc6 Kd6 43. Nxe5 1-0

[Event "IECC CL2-2000.26"]
[Site "IECC email"]
[Date "2000.07.12"]
[Round "?"]
[White "De Leeuw, Dirk"]
[Black "Valade, Patrick"]
[Result "1-0"]
[WhiteElo "1922"]
[BlackElo "2080"]
[PlyCount "75"]
[EventDate "2000.??.??"]
[EventType "tourn (corr)"]
[EventRounds "4"]
[SourceTitle "Corr 2008"]
[Source "ChessBase"]
[SourceDate "2008.06.24"]
[SourceVersion "1"]
[SourceVersionDate "2008.06.24"]
[SourceQuality "1"]

1. d4 Nf6 2. c4 e6 3. Nf3 c5 4. d5 d6 5. Nc3 exd5 6. cxd5 g6 7. Nd2 Bg7 8. e4 0-0 9. Be2 Re8 10. 0-0 Nbd7 11. a4 a6 12. Ra3 Ne5 13. Re1 b6 14. f4 Neg4 15. Bf3 Nh6 16. e5 dxe5 17. fxe5 Nfg4 18. Nc4 Nxe5 19. Nxe5 Bxe5 20. Bxh6 Qh4 21. Be3 Qxh2+ 22. Kf1 Bf5 23. Bg1 Qh4 24. a5 b5 25. Ne4 Bxb2 26. Rae3 Bxe4 27. Rxe4 Rxe4 28. Rxe4 Qg5 29. d6 Rd8 30. d7 Kg7 31. Re8 Bf6 32. Be3 Qf5 33. Qd6 g5 34. Qf8+ Kg6 35. Rxd8 Qb1+ 36. Kf2 Qc2+ 37. Kg1 Qb1+ 38. Kh2 1-0

[Event "IECC CL2-2000.15"]
[Site "IECC email"]
[Date "2000.03.21"]
[Round "?"]
[White "De Leeuw, Dirk"]
[Black "Femmel, Don"]
[Result "0-1"]
[WhiteElo "1978"]
[BlackElo "2121"]
[PlyCount "126"]
[EventDate "2000.??.??"]
[EventType "tourn (corr)"]
[EventRounds "4"]
[SourceTitle "Corr 2008"]
[Source "ChessBase"]
[SourceDate "2008.06.24"]
[SourceVersion "1"]
[SourceVersionDate "2008.06.24"]
[SourceQuality "1"]

1. e4 c5 2. Nf3 d6 3. d4 cxd4 4. Nxd4 Nf6 5. Nc3 a6 6. Bc4 e6 7. Bb3 b5 8. 0-0 b4 9. Na4 Nxe4 10. Re1 d5 11. Bf4 Bd7 12. c4 Qf6 13. g3 Nxf2 14. Kxf2 g5 15. Nxe6 fxe6 16. Qh5+ Qg6 17. Qxg6+ hxg6 18. Be5 dxc4 19. Bxh8 cxb3 20. axb3 Nc6 21. Rac1 Rb8 22. Nc5 Bxc5+ 23. Rxc5 Ke7 24. Be5 Rf8+ 25. Ke3 g4 26. Bf4 Rf5 27. Rc4 e5 28. Kd2 Rh5 29. Re2 Kd6 30. Be3 Be6 31. Bc5+ Kd7 32. Rc1 Bxb3 33. Ke1 Bd5 34. Ra1 e4 35. Rd2 Kc8 36. Bg1 Ne5 37. Ke2 Nf3 38. Rc2+ Kb7 39. Ke3 Bb3 40. Rg2 a5 41. Rc1 a4 42. Re2 Re5 43. Kf4 g5+ 44. Kxg4 a3 45. bxa3 Be6+ 46. Kh5 bxa3 47. Bc5 a2 48. Rb2+ Ka6 49. Be3 g4+ 50. Kg6 Rb5 51. Rxb5 Kxb5 52. Kf6 Bc4 53. Ra1 Nxh2 54. Kf5 Nf1 55. Bf4 e3 56. Kxg4 Kc5 57. Rc1 Kd4 58. Bh6 e2 59. Kf3 Nh2+ 60. Kf4 Kd3 61. Ra1 Bb3 62. Bf8 Bc2 63. Rc1 Bb1 0-1

[Event "IECC CL2-2000.15"]
[Site "IECC email"]
[Date "2000.03.21"]
[Round "?"]
[White "Heinrich, Jan"]
[Black "De Leeuw, Dirk"]
[Result "0-1"]
[WhiteElo "2043"]
[BlackElo "1949"]
[PlyCount "56"]
[EventDate "2000.??.??"]
[EventType "tourn (corr)"]
[EventRounds "4"]
[SourceTitle "Corr 2008"]
[Source "ChessBase"]
[SourceDate "2008.06.24"]
[SourceVersion "1"]
[SourceVersionDate "2008.06.24"]
[SourceQuality "1"]

1. e4 c5 2. Nf3 d6 3. d4 cxd4 4. Nxd4 Nf6 5. Nc3 a6 6. Bg5 e6 7. f4 Qb6 8. Nb3 Nbd7 9. Be2 Be7 10. Qd3 h6 11. Bxf6 Nxf6 12. 0-0-0 Qc7 13. g4 b5 14. Bf3 e5 15. f5 b4 16. Ne2 a5 17. Kb1 0-0 18. h4 a4 19. Nbc1 a3 20. b3 d5 21. exd5 e4 22. Bxe4 Qe5 23. Qd4 Qxe4 24. d6 Bd8 25. Qxe4 Nxe4 26. Rd4 Bb7 27. Rh2 Bf6 28. Rxb4 Nd2# 0-1

[Event "IECC CL3-2000.15"]
[Site "IECC email"]
[Date "2000.02.14"]
[Round "?"]
[White "De Leeuw, Dirk"]
[Black "Bass, Stanley"]
[Result "1/2-1/2"]
[WhiteElo "1961"]
[BlackElo "1822"]
[PlyCount "38"]
[EventDate "2000.??.??"]
[EventType "tourn (corr)"]
[EventRounds "4"]
[SourceTitle "Corr 2008"]
[Source "ChessBase"]
[SourceDate "2008.06.24"]
[SourceVersion "1"]
[SourceVersionDate "2008.06.24"]
[SourceQuality "1"]

1. d4 Nf6 2. c4 e6 3. Nf3 d5 4. Nc3 Bb4 5. e3 0-0 6. Bd3 c5 7. 0-0 Nc6 8. a3 Bxc3 9. bxc3 b6 10. cxd5 exd5 11. a4 Bg4 12. Ba3 Ne4 13. Qc2 Re8 14. Bb5 Bxf3 15. gxf3 Qg5+ 16. Kh1 Qh5 17. fxe4 Qf3+ 18. Kg1 Qg4+ 19. Kh1 Qf3+ 1/2-1/2

[Event "IECC Swiss email"]
[Site "IECC email"]
[Date "2000.01.15"]
[Round "?"]
[White "Dean, Wesley A"]
[Black "De Leeuw, Dirk"]
[Result "1/2-1/2"]
[WhiteElo "2009"]
[BlackElo "1966"]
[PlyCount "63"]
[EventDate "2000.??.??"]
[EventType "tourn (corr)"]
[EventRounds "6"]
[SourceTitle "Corr 2008"]
[Source "ChessBase"]
[SourceDate "2008.06.24"]
[SourceVersion "1"]
[SourceVersionDate "2008.06.24"]
[SourceQuality "1"]

1. c4 g6 2. Nc3 Bg7 3. d4 Nf6 4. Nf3 d5 5. Qb3 dxc4 6. Qxc4 0-0 7. e4 Na6 8. Be2 c5 9. d5 e6 10. 0-0 exd5 11. exd5 b6 12. Rd1 Nb4 13. a3 Ba6 14. Qb3 Bxe2 15. Nxe2 Nbxd5 16. Nc3 c4 17. Qxc4 Qc7 18. Qxc7 Nxc7 19. Bf4 Ne6 20. Be5 Rac8 21. Re1 Rfd8 22. Rad1 Ng4 23. Bxg7 Kxg7 24. Rxd8 Rxd8 25. h3 Nf6 26. g3 Nd5 27. Nxd5 Rxd5 28. Kg2 Kf6 29. h4 h5 30. Re3 a5 31. b4 axb4 32. axb4 1/2-1/2

[Event "IECG C1.1999.0.00247"]
[Site "IECG email"]
[Date "1999.12.05"]
[Round "?"]
[White "De Leeuw, Dirk"]
[Black "Gonzales, Carlos"]
[Result "1-0"]
[WhiteElo "2002"]
[BlackElo "2000"]
[PlyCount "53"]
[EventDate "1999.12.05"]
[EventType "tourn (corr)"]
[EventRounds "6"]
[SourceTitle "Corr 2008"]
[Source "ChessBase"]
[SourceDate "2008.06.24"]
[SourceVersion "1"]
[SourceVersionDate "2008.06.24"]
[SourceQuality "1"]

1. d4 d5 2. c4 e6 3. Nc3 Nf6 4. Nf3 c6 5. e3 Nbd7 6. Qc2 b6 7. Bd3 Bb7 8. 0-0 Be7 9. Bd2 Qc7 10. Rac1 Rd8 11. cxd5 exd5 12. Rfe1 0-0 13. e4 dxe4 14. Nxe4 h6 15. Ng3 Bd6 16. Bc4 Kh8 17. b4 c5 18. Bb3 Qb8 19. bxc5 bxc5 20. Bc3 Rc8 21. dxc5 Rxc5 22. Qd3 Rfc8 23. Bxf7 Bf4 24. Nh4 Nf8 25. Bxf6 gxf6 26. Ng6+ Nxg6 27. Qxg6 1-0